000
00283nam a22001337a 4500
008
170407b xxu||||| |||| 00| 0 eng d
020
_a
3541707216
041
_a
eng
080
_a
611.018
100
_a
9
101
_a
shm
245
_a
HISTOPATHOLOGY
_c
GRUNDMANN
942
_2
udc
_c
BK
999
_c
10074
_d
10074